El rompecabezas de armar soluciones justas / (Registro nro. 6072)
[ vista simple ]
| 000 -LEADER | |
|---|---|
| fixed length control field | 00981nab a22002057a 4500 |
| 003 - CONTROL NUMBER IDENTIFIER | |
| control field | OSt |
| 005 - DATE AND TIME OF LATEST TRANSACTION | |
| control field | 20260121011827.0 |
| 008 - FIXED-LENGTH DATA ELEMENTS--GENERAL INFORMATION | |
| fixed length control field | 190514b xxu||||| |||| 00| 0 spa d |
| 040 ## - CATALOGING SOURCE | |
| Transcribing agency | PJ |
| 100 ## - MAIN ENTRY--PERSONAL NAME | |
| 9 (RLIN) | 6847 |
| Personal name | Vallejos, Cecilia I. |
| 245 13 - TITLE STATEMENT | |
| Title | El rompecabezas de armar soluciones justas / |
| Statement of responsibility, etc | Cecilia I. Vallejos. |
| 300 ## - PHYSICAL DESCRIPTION | |
| Extent | p. 191-198 |
| 500 ## - GENERAL NOTE | |
| General note | Cita: TR LALEY AR/DOC/984/2024. |
| 505 ## - FORMATTED CONTENTS NOTE | |
| Formatted contents note | Sumario: I. El caso.— II. Primeras impresiones.— III. Retomando viejas cuestiones: la privación de la responsabilidad parental y la tutela.— IV. Aplicación analógica o juez legislador. Una tensión constante. |
| 505 ## - FORMATTED CONTENTS NOTE | |
| Title | Fallo comentado: JFlia, Río Gallegos Nº 2 ~ 28/09/2023 ~ F. O. s/ tutela. |
| 650 #0 - SUBJECT ADDED ENTRY--TOPICAL TERM | |
| 9 (RLIN) | 967 |
| Topical term or geographic name as entry element | DERECHO DE FAMILIA |
| 650 #0 - SUBJECT ADDED ENTRY--TOPICAL TERM | |
| 9 (RLIN) | 1057 |
| Topical term or geographic name as entry element | JURISPRUDENCIA APLICABLE |
| 773 0# - HOST ITEM ENTRY | |
| Host Biblionumber | 2844 |
| Host Itemnumber | 3222 |
| Place, publisher, and date of publication | Buenos Aires : AbeledoPerrot, 1989- |
| Title | Derecho de familia. Revista Interdisciplinaria de doctrina y jurisprudencia. Junio 2024-III. |
| International Standard Book Number | 18511201 |
| 942 ## - ADDED ENTRY ELEMENTS (KOHA) | |
| Source of classification or shelving scheme | |
| Koha item type | Analítica Artículo de Revista |
No hay ítems disponibles.
